Statistics for Original Founder Member States Of UN

Click here to take the quiz!

General Stats

  • This quiz has been taken 25 times
  • The average score is 14 of 27

Answer Stats

Answer% Correct
USA
100%
UK
95%
France
90%
Russia
90%
China
86%
Brazil
81%
Poland
76%
Argentina
71%
Turkey
62%
Iran
62%
Egypt
57%
Denmark
57%
Chile
57%
New Zealand
52%
Cuba
52%
Luxembourg
43%
Saudi Arabia
38%
Paraguay
38%
Dominican Republic
38%
El Salvador
33%
Nicaragua
33%
Haiti
33%
Belarus
29%
Ukraine
29%
Syria
19%
Philippines
14%
Lebanon
10%

Score Distribution

Percentile by Number Answered

Percent of People with Each Score

Your Score History

You have not taken this quiz